| 000 | 01362nam a2200361 i 4500 | ||
|---|---|---|---|
| 001 | 990196978710107026 | ||
| 003 | UkOxU | ||
| 005 | 20260316110155.0 | ||
| 008 | 140514s2013 enkab 000 0 eng d | ||
| 020 |
_a9780956414731 _qpaperback |
||
| 035 | _a(UkOxU)019697871 | ||
| 035 | _a(UkOxU)019697871BIB01 | ||
| 035 | _a(StEdNL)5153767 | ||
| 035 | _a(UkLoRLUK)705153767 | ||
| 038 | _aUkLoRLUK | ||
| 040 | _aStEdNL | ||
| 041 | _aeng | ||
| 111 | 2 |
_aConference of the Commonwealth Association of Surveying and Land Economy _d(2013 : _cUniversity of Glasgow, Scotland) |
|
| 245 | 1 | 0 |
_aManagement of land and sea resources - what's new : _bproceedings of the Glasgow 2013 conference of the Commonwealth Association of Surveying and Land Economy, University of Glasgow, Scotland 8th - 10th July, 2013. |
| 264 | 1 |
_aBristol : _bCommonwealth Association of Surveying and Land Economy (CASLE), _c2013. |
|
| 264 | 4 | _c©2013 | |
| 300 |
_a1 volume : _billustrations, maps ; _c21 cm |
||
| 336 |
_atext _2rdacontent |
||
| 337 |
_aunmediated _2rdamedia |
||
| 338 |
_avolume _2rdacarrier |
||
| 500 | _aTitle from cover. | ||
| 504 | _aIncludes bibliographical references. | ||
| 650 | 0 | _aLand use | |
| 650 | 0 | _aMarine resources | |
| 651 | _aUnited Kingdom | ||
| 710 | 2 |
_aCommonwealth Association of Surveying and Land Economy, _eissuing body. |
|
| 942 | _n0 | ||
| 999 |
_c122328 _d122328 |
||